| 000 | 01307nam a22002297a 4500 | ||
|---|---|---|---|
| 005 | 20240215135140.0 | ||
| 008 | s2544 th tha d | ||
| 020 | _a9748835294 | ||
| 040 | _aNALT | ||
| 041 | _atha | ||
| 050 | _aDS578.32 น235ว 2544 | ||
| 245 | 1 | 0 | _aวิทยทัศน์พระองค์วรรณฯ |
| 260 | 3 |
_aกรุงเทพฯ : _bมูลนิธินราธิปประพันธ์พงศ์-วรรณ, _c2544 |
|
| 300 |
_a376 หน้า : _b ภาพประกอบ ; _c 21 ซม. |
||
| 650 | 0 | 4 | _aนราธิปพงศ์ประพันธ์, พระเจ้าวรวงศ์เธอ กรมหมื่น -- ผลงานในด้านการทูต |
| 650 | 0 | 4 | _aนราธิปพงศ์ประพันธ์, พระเจ้าวรวงศ์เธอ กรมหมื่น -- ผลงานในด้านการประพันธ์ |
| 650 | 0 | 4 | _aนราธิปพงศ์ประพันธ์, พระเจ้าวรวงศ์เธอ กรมหมื่น, 2434 -- 2519 |
| 650 | 0 | 4 | _aภาษาไทย -- การใช้ภาษา |
| 650 | 0 | 4 | _aภาษาไทย -- คำศัพท์ |
| 850 | _aNALT | ||
| 942 |
_cGB _2lcc _02 |
||
| 999 |
_c11171 _d11171 |
||
| 998 |
_j4576 _k นักศึกษาฝึกงาน-02 |
||